Alle Länder des Zweiten Französischen Königreichs - Statistiken

Allgemein
  • Dieses Quiz wurde 11 mal gespielt
  • Das Durchschnittsergebnis liegt bei 7 aus 17
Antwortstatistiken
Antwort % Korrekt
Frankreich
90%
Algerien
60%
Libyen
60%
Marokko
60%
Tunesien
50%
China
40%
Indien
40%
Kambodscha
40%
Laos
40%
Monaco
40%
Republik Kongo
40%
Tschad
40%
Vietnam
40%
Gabun
30%
Zentralafrikanische Republik
30%
Komoren
20%
Dschibuti
10%
Keine übereinstimmenden Quizze gefunden
Verteilung der Resultate
Anzahl Personen mit jedem Resultat
Perzentil nach korrekt beantworteten Fragen
Ihre Resultats-Entwicklung
Sie haben dieses Quiz noch nicht gespielt